<?xml version="1.0" encoding="UTF-8"?>
<record
    xmlns:xsi="http://www.w3.org/2001/XMLSchema-instance"
    xsi:schemaLocation="http://www.loc.gov/MARC21/slim http://www.loc.gov/standards/marcxml/schema/MARC21slim.xsd"
    xmlns="http://www.loc.gov/MARC21/slim">

  <leader>01820cam a2200325 a 4500</leader>
  <controlfield tag="001">000007749</controlfield>
  <controlfield tag="005">20260305073955.0</controlfield>
  <controlfield tag="008">890203s1988    ck       b    001 0cspa  </controlfield>
  <datafield tag="020" ind1=" " ind2=" ">
    <subfield code="a">9586430006 (obra completa)</subfield>
  </datafield>
  <datafield tag="020" ind1=" " ind2=" ">
    <subfield code="a">958643009X (rustica)</subfield>
  </datafield>
  <datafield tag="040" ind1=" " ind2=" ">
    <subfield code="a">DO-SdBNP</subfield>
    <subfield code="b">spa</subfield>
    <subfield code="c">BNPHU</subfield>
  </datafield>
  <datafield tag="082" ind1=" " ind2=" ">
    <subfield code="a">923.5861</subfield>
    <subfield code="b">sss</subfield>
  </datafield>
  <datafield tag="100" ind1="1" ind2=" ">
    <subfield code="a">Santander, Francisco de Paula,</subfield>
    <subfield code="d">1792-1840.</subfield>
    <subfield code="9">18039</subfield>
  </datafield>
  <datafield tag="245" ind1="1" ind2="0">
    <subfield code="a">Cartas Santander-Bolivar 1820-1822 /</subfield>
    <subfield code="c">Francisco de Paula Santander ; pr&#xF3;logo Germ&#xE1;n Arciniegas.</subfield>
  </datafield>
  <datafield tag="260" ind1=" " ind2=" ">
    <subfield code="a">Bogot&#xE1; :</subfield>
    <subfield code="b">Biblioteca de la Presidencia de la Rep&#xFA;blica, Administraci&#xF3;n Virgilio Barco,</subfield>
    <subfield code="c">1988.</subfield>
  </datafield>
  <datafield tag="300" ind1=" " ind2=" ">
    <subfield code="a">v. ;</subfield>
    <subfield code="c">25 cm.</subfield>
  </datafield>
  <datafield tag="490" ind1="1" ind2=" ">
    <subfield code="a">Biblioteca de la Presidencia de la Rep&#xFA;blica</subfield>
    <subfield code="p">Documentos</subfield>
    <subfield code="c">3-5,16,44-45</subfield>
  </datafield>
  <datafield tag="500" ind1=" " ind2=" ">
    <subfield code="a">La biblioteca posee el volumen 1y3</subfield>
  </datafield>
  <datafield tag="505" ind1="0" ind2=" ">
    <subfield code="a">V.1: 1813-1820.-- V.2: 1820.-- V.3: 1820-1822.-- V.4: 1823-1825.-- V.5: 1825-1826.-- V.6: 1826-1830</subfield>
  </datafield>
  <datafield tag="500" ind1=" " ind2=" ">
    <subfield code="a">Fundaci&#xF3;n para la Conmemoraci&#xF3;n del Bicentenario del Natalicio y el Sesquicentenario de la Muerte del General Francisco de Paula Santander</subfield>
  </datafield>
  <datafield tag="500" ind1=" " ind2=" ">
    <subfield code="a">Fundacion para la Conmemoracion del Bicentenario del Natalicio y el Sesquicentenario de la Muerte del General Francisco de Paula Santander.</subfield>
  </datafield>
  <datafield tag="600" ind1="1" ind2="0">
    <subfield code="a">SANTANDER, FRANCISCO DE PAULA,</subfield>
    <subfield code="d">1792-1840</subfield>
    <subfield code="x">CORRESPONDENCIA.</subfield>
    <subfield code="9">21441</subfield>
  </datafield>
  <datafield tag="600" ind1="1" ind2="0">
    <subfield code="a">BOL&#xCD;VAR, SIM&#xD2;N,</subfield>
    <subfield code="d">1783-1830</subfield>
    <subfield code="x">CORRESPONDENCIA, MEMORIAS, ETC</subfield>
    <subfield code="9">21442</subfield>
  </datafield>
  <datafield tag="651" ind1=" " ind2="4">
    <subfield code="a">Colombia</subfield>
    <subfield code="x">Historia</subfield>
    <subfield code="y">GUERRA DE INDEPENDENCIA, 1810-1822.</subfield>
    <subfield code="9">16211</subfield>
  </datafield>
  <datafield tag="651" ind1=" " ind2="4">
    <subfield code="a">Am&#xE8;rica Del Sur</subfield>
    <subfield code="x">Historia</subfield>
    <subfield code="y">GUERRA DE INDEPENDENCIA, 1806-1830.</subfield>
    <subfield code="9">18080</subfield>
  </datafield>
  <datafield tag="650" ind1=" " ind2="4">
    <subfield code="a">Jefes de estado</subfield>
    <subfield code="z">Am&#xE8;rica Del Sur</subfield>
    <subfield code="x">Correspondencia.</subfield>
    <subfield code="9">21443</subfield>
  </datafield>
  <datafield tag="700" ind1="1" ind2=" ">
    <subfield code="a">Bol&#xED;var, Sim&#xF3;n,</subfield>
    <subfield code="d">1783-1830</subfield>
    <subfield code="9">253</subfield>
  </datafield>
  <datafield tag="710" ind1="2" ind2=" ">
    <subfield code="a">Fundaci&#xF3;n Francisco de Paula Santander,</subfield>
    <subfield code="c">Colombia</subfield>
    <subfield code="9">21444</subfield>
  </datafield>
  <datafield tag="830" ind1=" " ind2="0">
    <subfield code="a">Biblioteca de la Presidencia de la Rep&#xFA;blica</subfield>
    <subfield code="p">Documento</subfield>
    <subfield code="n">3-5,16,44-45</subfield>
    <subfield code="9">21445</subfield>
  </datafield>
  <datafield tag="952" ind1=" " ind2=" ">
    <subfield code="0">0</subfield>
    <subfield code="1">0</subfield>
    <subfield code="5">2</subfield>
    <subfield code="7">0</subfield>
    <subfield code="8">MO</subfield>
    <subfield code="a">GR</subfield>
    <subfield code="b">GR</subfield>
    <subfield code="c">HD</subfield>
    <subfield code="d">2009-09-10</subfield>
    <subfield code="i">LF1</subfield>
    <subfield code="l">0</subfield>
    <subfield code="o">v. 1</subfield>
    <subfield code="p">7749-10</subfield>
    <subfield code="r">2020-06-25</subfield>
    <subfield code="w">2020-06-25</subfield>
    <subfield code="y">2</subfield>
    <subfield code="Z">Pr&#xE9;stamo interno</subfield>
  </datafield>
  <datafield tag="952" ind1=" " ind2=" ">
    <subfield code="0">0</subfield>
    <subfield code="1">0</subfield>
    <subfield code="5">0</subfield>
    <subfield code="7">1</subfield>
    <subfield code="8">MO</subfield>
    <subfield code="a">GR</subfield>
    <subfield code="b">GR</subfield>
    <subfield code="c">HD</subfield>
    <subfield code="d">2017-05-26</subfield>
    <subfield code="i">LF1</subfield>
    <subfield code="l">0</subfield>
    <subfield code="o">v. 3</subfield>
    <subfield code="p">7749-20</subfield>
    <subfield code="r">2020-06-25</subfield>
    <subfield code="w">2020-06-25</subfield>
    <subfield code="y">1</subfield>
    <subfield code="Z">No se presta</subfield>
  </datafield>
  <datafield tag="952" ind1=" " ind2=" ">
    <subfield code="0">0</subfield>
    <subfield code="1">1</subfield>
    <subfield code="5">0</subfield>
    <subfield code="7">1</subfield>
    <subfield code="8">MO</subfield>
    <subfield code="a">GR</subfield>
    <subfield code="b">GR</subfield>
    <subfield code="c">MI</subfield>
    <subfield code="d">2017-05-26</subfield>
    <subfield code="i">LF1</subfield>
    <subfield code="l">0</subfield>
    <subfield code="o">923.5861 sss</subfield>
    <subfield code="p">7749-30</subfield>
    <subfield code="r">2020-06-25</subfield>
    <subfield code="w">2020-06-25</subfield>
    <subfield code="y">1</subfield>
    <subfield code="Z">No se presta</subfield>
  </datafield>
  <datafield tag="999" ind1=" " ind2=" ">
    <subfield code="c">7527</subfield>
    <subfield code="d">7527</subfield>
  </datafield>
</record>
